| 000 | 00751nam a2200229 i 4500 | ||
|---|---|---|---|
| 001 | 129637 | ||
| 003 | ES-MaACL | ||
| 005 | 20230906193536.0 | ||
| 007 | t| | ||
| 008 | 070627s1948 sp ||||1| spa d | ||
| 080 | _a821.111-31"19" | ||
| 100 | 1 |
_aThomson, A.A. _9110108 |
|
| 245 | 1 | 0 |
_aReggie se marcha al campo / _cpor A.A. Thomson ; [traducción del inglés por Francisco Javier Mariñas]. |
| 250 | _a[1ª ed.]. | ||
| 260 |
_a[s.l. ¿Barcelona? : _bIndustrial Gráfica D.E.F. y O., _c1948] |
||
| 300 |
_a214 p. : _bil. ; _c19 cm. |
||
| 490 | 1 | _aCol. Al Monigote de Papel | |
| 700 | 1 |
_aMariñas, Francisco Javier. _976858 |
|
| 830 | 0 |
_aCol. Al Monigote de Papel _9186776 |
|
| 852 |
_aES-MaACL _jC-5029 _bR.25708 |
||
| 999 |
_c129637 _d129637 |
||